| 000 | 00994nam a2200265 a 4500 | ||
|---|---|---|---|
| 005 | 20140310183533.0 | ||
| 008 | 111013s19uu xx 00 eng d | ||
| 010 | _a2009035694 | ||
| 020 | _a9781412972710 | ||
| 050 |
_aLB 2822.82 _b.H666 2010 |
||
| 100 | _aHord, Shirley M. | ||
| 245 |
_aGuiding professional learning communities : _binspiration, challenge, surprise, and meaning / _cShirley M. Hord, James L. Roussin, William A. Sommers ; foreword by Roland S. Barth. |
||
| 260 |
_aThousand Oaks, Calif : _bCorwin, _c2010. |
||
| 300 |
_a225 p. : _bill. ; _c28 cm. |
||
| 500 | _aIncludes bibliographical references (p. 217-220) and index. | ||
| 521 | _aEDU | ||
| 650 |
_aSchool improvement programs _zUnited States |
||
| 650 |
_aGroup work in education _zUnited States |
||
| 650 |
_aEducational change _zUnited States |
||
| 650 |
_aEducational leadership _zUnited States |
||
| 700 | _aRoussin, James L. | ||
| 700 | _aSommers, William A. | ||
| 942 |
_cBK _2lcc _kFOR |
||
| 999 |
_c24653 _d24653 |
||